| 000 | 00724nam a2200241Ia 4500 | ||
|---|---|---|---|
| 005 | 20260430150617.0 | ||
| 008 | 008 250103s9999 xx 000 0 eng d | ||
| 037 | _aTheses | ||
| 040 | _aCRL | ||
| 040 | _beng | ||
| 040 | _ceng | ||
| 041 | _2eng | ||
| 041 | _aeng | ||
| 084 | _qCRL | ||
| 100 |
_aMishra Vasavadutta Au.; K. Ratnabali Gu. _91237997 |
||
| 245 | 0 | _aFrom Humanitarian Intervention to Responsibility to Protect: An Analysis of the Practices of The United Nations Security Council and Its Five Permanent Member States | |
| 260 | _c2024 | ||
| 300 | _a518p. | ||
| 650 | _aLaw | ||
| 700 |
_aUniversity of Delhi. Faculty of Law. Deptt. of Law _91236414 |
||
| 942 | _cTH | ||
| 999 |
_c1850204 _d1850204 |
||